| 000 | 00414 a2200157 4500 | ||
|---|---|---|---|
| 003 | NUST | ||
| 005 | 20230215122930.0 | ||
| 040 | _cNust | ||
| 082 | _a297,AHM | ||
| 100 |
_a Ahmed, Ishtiaq _989835 |
||
| 245 |
_aThali Ka Baingan / تھالی کا بینگن (Urdu) / _hIshtiaq Ahmed |
||
| 260 |
_aLahore _c2005 _bDar-us-Salam |
||
| 300 | _a128p .; | ||
| 650 |
_athaali Ke Bengan _9109085 |
||
| 942 |
_2ddc _cBK _k297,AHM |
||
| 999 |
_c189441 _d189441 |
||